000 01232nam a2200217Ia 4500
999 _c52660
_d52660
001 19684
003 GE_BSU
005 20200325174813.0
008 181216s1987||||ge |||||||||||||| ||geo||
040 _cGE_BSU
041 _ageo
080 _a27-242 + 27-246 ქ-27
245 _aქართული ლექციონარის პარიზული ხელნაწერი (ძველი და ახალი აღთქმის საკითხავები) :
_bტ. 1 ნაწილი 1 /
_cტექსტი გამოსაც. მოამზადეს კ. დანელიამ, სტ. ჩხენკელმა და ბ. შავიშვილმა ; გამოკვლევა დაურთო კორნელი დანელიამ, რედ. აკაკი შანიძე.
264 _aთბილისი :
_bთბილ. უნ-ტის გამ-ბა,
_c1987.
300 _a563 გვ. ;
_c22 სმ.
653 _aრელიგია
653 _aძველი აღთქმა
653 _aახალი აღთქმა
700 _aშანიძე, აკაკი
_eრადაქტორი
_95491
942 _cBK
_2udc